Statistics for Danmarks Regionsforvaltninger (med kort)

Click here to take the quiz!

General Stats

  • This quiz has been taken 24 times
  • The average score is 4 of 5

Answers on the Map

Answers color-coded by a green-red scale on the quiz's map according to % correct below.
 

Answer Stats

RegionRegionsforvaltning% Correct
NordjyllandAalborg
89%
HovedstadenHillerød
89%
SyddanmarkVejle
78%
MidtjyllandViborg
78%
SjællandSorø
72%

Score Distribution

Percentile by Number Answered

Percent of People with Each Score

Your Score History

You have not taken this quiz